Effectif Real Madrid 24/25 đŸ€ - Statistiques

Statistiques générales
  • Ce quiz a Ă©tĂ© pris 74 fois
  • Le rĂ©sultat moyen est 19 sur 28
Statistiques - réponses
Hint Réponse % Correct
GK Thibaut Courtois
100%
BU Kylian Mbappé
92%
AG Vinicius Junior
92%
GK Andriy Lunin
91%
MDC Aurélien Tchouaméni
91%
MDC Eduardo Camavinga
91%
DC Antonio Rudiger
88%
DG Ferland Mendy
88%
MC Luka Modric
85%
AD Rodrygo
85%
DC Eder Militao
83%
Coach Carlo Ancelotti
80%
MC Federico Valverde
80%
MOC Jude Bellingham
80%
DD Dani Carvajal
79%
DC David Alaba
79%
MOC Arda Guler
77%
MOC Brahim Diaz
76%
BU Endrick
76%
DD Lucas Vasquez
73%
DG Fran Garcia
68%
MC Dani Ceballos
67%
DC Raul Asencio
65%
DC Jesus Vallejo
39%
GK Fran Gonzalez
12%
DD Lorenzo Aguado
5%
DC Jacobo Ramon
3%
MC Chema Andres
2%
Aucun quiz correspondant
Distribution des résultats
% des personnes avec chaque résultat
Percentile par nombre de réponses
Votre historique - résultats
Vous n’avez pas pris ce quiz